UK Towns Quiz - Powys - Wales - Statistics

General Stats
  • This quiz has been taken 50 times
  • The average score is 16 of 34
Answer Stats
Clue Population Town % Correct
N 10,882 Newtown
100%
W 5,450 Welshpool
100%
B 8,254 Brecon
93%
L 5,435 Llandrindod
86%
K 2,911 Knighton
83%
B 2,621 Builth Wells
76%
L 2,197 Llanidloes
72%
M 967 Montgomery
72%
M 2,163 Machynlleth
66%
Y 4,028 Ystradgynlais
62%
R 1,834 Rhayader
59%
C 569 Caersws
55%
H 2,059 Hay-on-Wye
55%
C 2,109 Crickhowell
45%
L 1,119 Llanfyllin
45%
P 1,927 Presteigne
45%
K 794 Kerry
41%
A 920 Abermule
34%
F 786 Forden
34%
L 971 Llanfair Caereinion
34%
L 560 Llanwrtyd Wells
34%
S 515 Sennybridge
34%
T 1,254 Talgarth
34%
C 756 Churchstoke
31%
C 753 Clyro
28%
F 1,466 Four Crosses
28%
L 1,034 Llangynidr
28%
B 547 Bronllys
24%
G 1,161 Guilsfield
24%
A 723 Abercrave
21%
L 536 Llandinam
21%
L 630 Llangattock
21%
L 816 Llansantffraid-ym-Mechain
21%
T 866 Tregynon
17%
No matching quizzes found
Score Distribution
Percent of People with Each Score
Percentile by Number Answered
Your Score History
You have not taken this quiz